Click The Phobia - Statistics

General Stats
  • This quiz has been taken 76 times
  • The average score is 13 of 22
Answer Stats
Hint Answer % Correct
Arachnophobia Spiders
98%
Claustrophobia Tight/Enclosed Spaces
97%
Technophobia Technology
95%
Aerophobia Flying
86%
Wiccaphobia Witches & Witchcraft
86%
Necrophobia Death or Dead Things
84%
Hemophobia Blood
83%
Phobophobia Phobias
81%
Noctiphobia Night
79%
Ornithophobia Birds
65%
Podophobia Feet
62%
Hippopotomonstrosesquipedaliophobia Long Words
62%
Emetophobia Vomiting
59%
Trypophobia Holes
57%
Scolionophobia School
33%
Osmophobia Smells
33%
Koumpounophobia Buttons
29%
Tachophobia Speed
29%
Teraphobia Monsters
24%
Iatrophobia Doctors
14%
Koinoniphobia Rooms
11%
Lilapsophobia Tornados and Hurricanes
11%
No matching quizzes found
Score Distribution
Percent of People with Each Score
Percentile by Number Answered
Your Score History
You have not taken this quiz